この駅、何線? 東京メトロ&都営地下鉄編 - Statistics

General Stats
  • This quiz has been taken 954 times
  • The average score is 22 of 30
Answer Stats
Hint Answer % Correct
東京 M丸ノ内線
95%
王子 N南北線
91%
高島平 I三田線
90%
錦糸町 Z半蔵門線
83%
根津 C千代田線
82%
駒込 N南北線
82%
落合 T東西線
82%
五反田 A浅草線
81%
巣鴨 I三田線
81%
京橋 G銀座線
78%
原木中山 T東西線
78%
稲荷町 G銀座線
77%
入谷 H日比谷線
77%
若松河田 E大江戸線
76%
淡路町 M丸ノ内線
76%
御成門 I三田線
75%
菊川 S新宿線
75%
二重橋前 C千代田線
74%
北参道 F副都心線
74%
赤坂 C千代田線
72%
西早稲田 F副都心線
72%
曙橋 S新宿線
72%
宝町 A浅草線
67%
中井 E大江戸線
67%
浜町 S新宿線
65%
築地 H日比谷線
63%
赤羽橋 E大江戸線
62%
上野御徒町 E大江戸線
61%
銀座一丁目 Y有楽町線
61%
西新宿 M丸ノ内線
53%
No matching quizzes found
Score Distribution
Percent of People with Each Score
Percentile by Number Answered
Your Score History
You have not taken this quiz